Ekonomika školstva

Saved in:
Bibliographic Details
Main Author: Benčo, Jozef
Corporate Author: Vysoká škola ekonomická v Bratislave. Fakulta ekonomiky služieb a cestovného ruchu v Banskej Bystrici
Format: Book
Language:Slovak
Published: Bratislava VŠE 1981
Tags: Add Tag
No Tags, Be the first to tag this record!

MARC

LEADER 00000nam a2200000 4500
001 c141908
005 20221220101700.6
041 0 |a slo 
044 |a SK 
245 1 0 |a Ekonomika školstva  |c Jozef Benčo 
264 1 |a Bratislava  |b VŠE  |c 1981 
300 |a 146 s. 
100 1 |a Benčo, Jozef 
710 2 |a Vysoká škola ekonomická v Bratislave. Fakulta ekonomiky služieb a cestovného ruchu v Banskej Bystrici